| 000 | 00697nam a2200241Ia 4500 | ||
|---|---|---|---|
| 008 | |||
| 020 | _a0675028175 (hbk.) | ||
| 049 | _aMAIN | ||
| 090 |
_aQC23 _bHEI |
||
| 100 | _aHeimler, Charles H. | ||
| 245 | 0 | 0 |
_aFocus on physical science / _cCharles H. Heimler and Jack Price |
| 260 |
_aColumbus, Ohio : _bMerrill Publishing Co., _cc1987. |
||
| 300 |
_ax,530 p. : _bill. (some col.) ; _c25 cm. |
||
| 440 | 2 | _aA Merrill science program. | |
| 650 | 0 | _aPhysics. | |
| 650 | 0 | _aChemistry. | |
| 700 | 1 | _aPrice, Jack | |
| 907 |
_a.b10226345 _b05-04-22 _c24-01-07 |
||
| 003 | |||
| 005 | 20230123134340.0 | ||
| 040 | _cNUST | ||
| 942 |
_cBOOKS _kQC23 _mHEI |
||
| 999 |
_c164345 _d164345 |
||